000 00400cam a2200145 4500
020 _a0471439703
050 0 0 _aQD544.5
_b.J35
100 1 _aJander, Jochen.
245 1 0 _aIonizing solvents
_c[by] J. Jander [and] Ch. Lafrenz.
260 _a[London?]
_bJohn Wiley & Sons,
_c1970.
300 _a202 p.
500 _aTranslation of Wasserähnliche Lösungsmittel.
700 1 _aLafrenz, Ch.,
942 _cGEN
999 _c2297
_d2297